| 000 | 02520nam0a22003251 4500 | ||
|---|---|---|---|
| 001 | v19\rc\1849794 | ||
| 005 | 20260406162758.0 | ||
| 035 | _a(NLR Aleph) 005258600 | ||
| 090 |
_a5878026 _c5878026 |
||
| 100 | _a20080221d1909 |||y0rusy50 ca | ||
| 101 | 1 |
_arus _cfre |
|
| 102 | _aRU | ||
| 105 | _ay z ||||| | ||
| 200 | 1 |
_aЭ. Ренан перед судом науки, или Опровержение известного сочинения Э. Ренана "Жизнь Иисуса", основанное на выводах из Библии и рассматриваемое с точек зрения исторической критики и философии _fСоч. аббата Гетте, гл. ред. журн. "L'Union Chrétienne" и "L'Observateur Catholique", авт. "Истории церкви во Франции", "Истории иезуитов", "Папства, виновника раскола в вере" и др. соч. по истории и философии, касающихся религии _gПер. с фр. 2-го изд. Л.А. Фейгина |
|
| 210 |
_aМосква _cИ.А. Морозов _d1909 |
||
| 215 |
_a359 с. _d23 |
||
| 500 | 1 | 0 |
_6z01702 _aЖизнь Иисуса |
| 517 | 0 | _aОпровержение известного сочинения Э. Ренана "Жизнь Иисуса", основанное на выводах из Библии и рассматриваемое с точек зрения исторической критики и философии | |
| 532 | 1 | 0 | _aЭрнест Ренан перед судом науки, или Опровержение известного сочинения Э. Ренана "Жизнь Иисуса", основанное на выводах из Библии и рассматриваемое с точек зрения исторической критики и философии |
| 700 | 1 |
_aГетте _bВ. _f1816-1892 _gВладимир |
|
| 702 | 1 |
_4570 _8rus _7ca _aРенан _bЭ. _f1823-1892 _gЭрнест _3RU\NLR\AUTH\7778837 _961765 |
|
| 702 | 1 |
_4730 _8rus _7ca _aФейгин _bЛ. А. _cлитератор _f19 в. _gЛеонид Александрович _3RU\NLR\AUTH\77106789 _989714 |
|
| 702 | 0 |
_4570 _8rus _7ca _aИисус Христос _3RU\NLR\AUTH\779638 _9119452 |
|
| 801 | 0 |
_aRU _bNLR _c20080221 _gpsbo |
|
| 801 | 0 |
_aRU _bRuMoRGB _c20080221 _2psbo |
|
| 801 | 1 |
_aRU _bProSoft-M _c20080221 _2rusmarc |
|
| 801 | 2 |
_aRU _bNLR _c20111220 _2rusmarc |
|
| 852 |
_aNLR _j37.4.8.36 |
||
| 942 | _cBOOK | ||
| 980 | _aNB | ||